الوقاية من الإشعاعات المؤنية / (رقم التسجيلة. 75291)

تفاصيل مارك
000 -LEADER
fixed length control field 00512nam a22001697a 4500
005 - DATE AND TIME OF LATEST TRANSACTION
control field 20251108172305.0
008 - FIXED-LENGTH DATA ELEMENTS--GENERAL INFORMATION
fixed length control field 250721s1989 xx 000 0 ara d
082 14 - DEWEY DECIMAL CLASSIFICATION NUMBER
Classification number 614.852/بها
100 1# - MAIN ENTRY--PERSONAL NAME
Personal name معروف، بهاء الدين
245 10 - TITLE STATEMENT
Title الوقاية من الإشعاعات المؤنية /
264 1# - PRODUCTION, PUBLICATION, DISTRIBUTION, MANUFACTURE, AND COPYRIGHT NOTICE
Place of production, publication, distribution, manufacture بغداد :
Name of producer, publisher, distributor, manufacturer منظمة الذرية العراقية،
Date of production, publication, distribution, manufacture, or copyright notice 1989.
300 ## - PHYSICAL DESCRIPTION
Extent 408ص
650 17 - SUBJECT ADDED ENTRY--TOPICAL TERM
Topical term or geographic name as entry element الإشعاع
650 17 - SUBJECT ADDED ENTRY--TOPICAL TERM
Topical term or geographic name as entry element الأمن الصناعي
942 ## - ADDED ENTRY ELEMENTS (KOHA)
Source of classification or shelving scheme Dewey Decimal Classification
Koha item type كتب
المقتنيات
حالة السحب حالة الفقدان مصدر التصنيف حالة التلف غير قابل للإعارة المكتبة الرئيسية المكتبة الحالية موقع الرف تاريخ التزويد الرقم المتسلسل Total Checkouts رقم الإستدعاء الباركود تاريخ آخر ظهور تاريخ الفاتورة نوع المادة (كوها)
    Dewey Decimal Classification     مكتبة النصر العامة مكتبة النصر العامة الإعارة 11/04/2015 [ 4018 ]   614.852/بها PLD00383133 28/07/2025 11/04/2015 كتب
Implemented & Customized by: BBB with SCIT (Smart Chains for Information Technology)

Powered by Koha